000 01550nam a2200241 4500
008 090220s2008 miuab b 001 0 eng
020 _a0801026725 :USD22.35
020 _a9780801026720
090 _aBS2341.2
_bB17
_bJude
100 1 _aGreen, Gene L.
245 1 0 _aJude and 2 Peter /
_cGene L. Green.
246 1 4 _aJude & 2 Peter.
246 3 _aJude and Second Peter.
260 _aGrand Rapids, Mich. :
_bBaker Academic,
_cc2008.
300 _axxi, 420 p. :
_bill., map ;
_c24 cm.
490 1 _aBaker exegetical commentary on the New Testament.
504 _aIncludes bibliographical references (p. 345-375) and indexes.
505 0 0 _tIntroduction to Jude --
_tEpistolary greeting (1-2) --
_tLetter body : an exhortation to contend for the faith (3-23) --
_tDisclosure of Jude's purpose for writing : an exhortation to the beloved (3-4) --
_tA call to remember : predictions about the heretics and fulfillment (5-19) --
_tExhortations to the beloved (20-23) --
_tClosing doxology (24-25) --
_tIntroduction to 2 Peter --
_tEpistolary greeting (1:1-2) --
_tLetter body : a warning against false teachers (1:3-3:18a) --
_tBody opening : God's call to glory and virtue (1:3-11) --
_tBody middle : the apostolic testimony and the false teachers (1:12-2:22) --
_tBody closing : a call to holiness (3:1-18a) --
_tLetter closing : a doxology (3:18b).
630 0 4 _aBible.
_pN.T.
_pJude
_vCommentaries.
630 0 4 _aBible.
_pN.T.
_pPeter, 2nd
_vCommentaries.
951 _p32700
_x00037413
_oREFBS2341.2/B17/Jude
_j090220112152890
_d2000-12-21
_cREF
999 _c32912
_d32912